000 01128nam a2200253Ia 4500
003 OSt
005 20210907131031.0
008 210310s2009 ck ado gr 000 0 spa d
020 _a9789588616025
040 _aCO-JMCR
_cCO-JMCR
041 0 _aspa
082 0 4 _a338.175851 /
_bM578g
_223
100 1 _aMesa Dishington, Jens,
_eautor
_928041
245 1 3 _aLo gremial, pilar del desarrollo palmero /
_cJens Mesa Dishington, Federación Nacional de Cultivadores de Palma
260 _aBogotá :
_bFedepalma,
_c2009.
300 _a185 páginas :
_bilustraciones, gráficas y fotografías en blanco y negro ;
_c33 cm.
501 _aCon: notas a pie de páginas.
505 0 _aBajo el signo de la construcción permanente. -- De cómo nos hicimos dueños de la construcción de futuro (1989-1997). -- El nuevo impulso (1998-2003). -- La consolidación (2004-2009).
650 1 4 _aUnidad gremial
_xFedepalma
_zColombia
_940098
650 2 4 _aNúcleos palmeros
_zColombia
_940099
650 2 4 _aNegocio de biodiésel
_zColombia
_940100
710 1 _aFederación Nacional de Cultivadores de Palma
_ecoautor
_940101
942 _2ddc
_cBK
999 _c12369
_d12369